MDQL
is popping MORE tags! Check the
thread
!
Quizzes
Events
Quiz Creation
Community
Videos
Private Events
Remove Ads
Sign In
Join for FREE
Feedback
Dark Mode
Quiz Categories
Sports
Geography
Music
Movies
Television
Just For Fun
Miscellaneous
History
Literature
Language
Science
Gaming
Entertainment
Religion
Holiday
For Kids
Quiz Lab
Recent
Popular Today
Quiz Kudos Today
Editor Picks
Curator Picks
Quizzes by...
Day
Popularity
Type
Ratings
Length
Year
Community
Subscriptions
Recent Discussions
Orange Saloon
Badges
Playlists
Quests
Create
Leaderboards
Showdown
Live 5
Trivia Bingo
Activity
Puzzle Library
Sporcle Events
Private Events
Virtual Trivia
Globe League
Become a Host
Pub Owners
SporcleCon
Opinionation
Our Games
Videos
Blog
Mobile Apps
Partnerships
Remove Ads and Go Orange
Feedback
Music
Pop Music
The Beatles
Song
Album
Lyrics
Bands
Singers
Artist
Clip
Rock
Rap
Classical
Billboard
Country Music
Kpop
Taylor Swift
Music
Pop Music
The Beatles
Song
Album
Lyrics
Bands
Singers
Artist
Clip
Rock
Rap
Classical
Billboard
Country Music
Kpop
Taylor Swift
Random Quiz
Search Sporcle
×
Quiz Lab
Quiz Lab
Music
Song
Type in answers that appear in a list
Type in answers that appear in a list
Classic
Best Score? Go Orange.
Elton or Billy Stats
Can you pick which piano man is responsible for each song? Elton John (E) or Billy Joel (B)?
By
incognitoem
3m
40 Questions
196 Plays
196 Plays
196 Plays
Comments
Comments
Give Quiz Kudos
Give Quiz Kudos
-
- Ratings
hide this ad
Forced Order
Answers have to be entered in order
Answers have to be entered in order
Wrong Answers
Some wrong answers will appear in red
Some wrong answers will appear in red
Replay
Link that replays current quiz
Next Quiz
Link to next quiz in quiz playlist
You Got
0%
They Got
Avg Score
85%
Avg Friend Score
Upgrade to see
Score Distribution
Jump to the score distribution portion of the page
Score
0/40
Timer
03:00
0
Plays Today
Song
Elton or Billy
% Correct
Candle In the Wind
???
96.9%
Don't Let the Sun Go Down on Me
???
96.4%
Piano Man
???
95.9%
Daniel
???
95.4%
Only the Good Die Young
???
95.4%
Just the Way You Are
???
94.9%
We Didn't Start the Fire
???
94.9%
Tiny Dancer
???
94.9%
Sad Songs (Say So Much)
???
94.4%
Your Song
???
94.4%
Circle of Life
???
93.4%
I Guess That's Why They Call It the Blues
???
93.4%
Scenes from an Italian Restaurant
???
93.4%
You May Be Right
???
92.9%
Tell Her About It
???
92.3%
Blue Eyes
???
91.8%
Captain Jack
???
91.3%
Goodnight Saigon
???
91.3%
Someone Saved My Life Tonight
???
91.3%
Sorry Seems to Be the Hardest Word
???
91.3%
Song
Elton or Billy
% Correct
Little Jeannie
???
90.8%
Nikita
???
90.8%
Miami 2017 (Seen the Lights Go Out on Broadway)
???
88.8%
Sacrifice
???
86.7%
Sometimes a Fantasy
???
86.7%
Christie Lee
???
85.7%
Island Girl
???
85.7%
Believe
???
85.2%
Zanzibar
???
85.2%
Everybody Has a Dream
???
81.6%
Los Angelenos
???
80.1%
Skyline Pigeon
???
75.5%
Tomorrow is Today
???
74.5%
All You Wanna Do Is Dance
???
66.8%
Blonde Over Blue
???
66.8%
Ticking
???
66.3%
Where's the Orchestra?
???
66.3%
Slave
???
64.3%
Running on Ice
???
61.2%
Talking Old Soldiers
???
58.2%
Quiz Playlist
Details
Report
Send in Message
Add To Playlist
Classic:
Type in answers that appear in a list
Forced Order:
Answers have to be entered in order
Wrong Answers:
Some wrong answers will appear in red
Last Updated: Feb 16, 2017
Quiz Scoreboard
CHALLENGE
Sign Up to Join the Scoreboard
Show All
Scores
Hide
Comments
May contain spoilers
Recently Published
Street Fighter Characters
by Artimus82
Gaming
60s
9x9 Crossword: Cartoon Network
by jackfrog10
Miscellaneous
3m
College Basketball Coaching Resumes
by pancakes188
Sports
9m
More to Explore
Quiz From the Vault
Featured Blog Post
Where Did the Easter Bunny Come From?
hide this ad
You Might Also Like...
Tags
Song Quiz
Billy Joel
Elton John
Matching
Piano
Today's Top Quizzes in Music
Browse Music
hide this ad
Today's Top Quizzes in Song
Browse Song
Top Contributed Quizzes in Music
1
Taylor Swift All Songs (2024)
2
Taylor Swift Logic Puzzle
3
Guess the Artist- 70s Songs
4
7-to-1: Billboard Hot 100 #1 Hits of 2010s
5
Sorting Albums and Songs
6
KPOP LOGIC QUIZ
7
Guess the Taylor Swift song (Mystery Song)
8
Guess The Taylor Swift Lyrics Song #1
9
Billboard Blitz: ABBA
10
Billboard Blitz: The Beatles
Explore More
Trending Topics
Marvel
Harry Potter
Crossword
Anime
Disney
Kpop
NBA
Song
Puzzle
Country
The Office
NFL
Pokémon
Soccer
WWE
hide this ad
More By:
incognitoem
Quiz
Plays
Rating
Category
Featured
Created
Figure Out the Lyrics: Billy Joel
3,793
4.48
Music
Apr 22, 2015
Books Authors Characters
242
4.33
Literature
Apr 23, 2015
Elton or Billy
196
4.80
Music
Apr 23, 2015
Astaire's Characters (1930's)
109
4.00
Movies
Apr 23, 2015
Renamed Film Adaptations
57
4.75
Movies
Apr 22, 2015
Go to Creator's Profile
Score Distribution
Quiz Creator Spotlight
incognitoem
Follow
Send a Message
Quizzes Created
-
Created Quiz Play Count
-
More By This Creator
Popular Quizzes Today
1
Find the US States - No Outlines Minefield
2
Find the Countries of Europe - No Outlines Minefield
3
The Countries of the World
4
Find the US States
5
Risky Map Clicking: Biggest States A-Z
6
US States
7
Popular People in 1961
8
Movies - When Are They Set?
More Music Quizzes
XXXTENTACION Quiz!
Quiz Lab
Trending Quizzes
Risky Map Clicking: Least Populous States A-Z
Countries of the World: 200 Million BC
Billboard Blitz: Aretha Franklin
1-10 Letter G Words
Famous Russians: Author or Composer?
Recently Updated
Leaping Animals
pecheneg
Reality TV Shows (A-Z)
bhenderson79
Rickey Henderson's Hall of Fame Teammates
pecheneg
Champions League XIs: Arsenal
pecheneg
Quick Pick: Celebrities in WWE's Hall of Fame
aduchscher
A-Z Keypad Blitz II
pecheneg
Multiple Oscar Actors
pecheneg
Mystery Phrase Blitz: Oscar 'Best Actors'
pecheneg
F. Scott Fitzgerald Novels
LTH
Pick 3 Villains
ddd62291
Trending Topics
Crossword
Anime
Disney
Harry Potter
Kpop
NBA
Marvel
Puzzle
Song
Pokémon
NFL
Soccer
The Office
Country
WWE
Your Account Isn't Verified!
In order to create a playlist on Sporcle, you need to verify the email address you used during registration. Go to your
Sporcle Settings
to finish the process.
Report this User
Report this user for behavior that violates our
Community Guidelines
.
Details:
Send Report
Go to the Sporcle.com Mobile Site →
Comments